|
|
|
|
| LEADER |
00908cam a2200229 7i4500 |
| 001 |
0000026316 |
| 005 |
20110524090000.0 |
| 090 |
0 |
0 |
|a PHOT 389.63
|b MAL (CD)
|
| 110 |
2 |
0 |
|a Malaysia External Trade Development Corporation (MATRADE)
|
| 245 |
2 |
0 |
|a Media Conference on Malaysia's Trade Performance March 2009 by YB Dato' Mustafa Muhamad (8 May 2009, Dewan Zamrud Bangunan MITI, Kuala Lumpur).
|
| 300 |
# |
# |
|a 81 Photography:
|b col.;
|c CD-RW.
|
| 500 |
0 |
0 |
|a Photographs
|
| 650 |
0 |
0 |
|a Halim Mohammad, Tan Sri Dato'
|
| 650 |
0 |
0 |
|a Jamaludin Hussain
|
| 650 |
0 |
0 |
|a Noharuddin Nordin, Dato'
|
| 650 |
0 |
0 |
|a Media conference
|
| 650 |
0 |
0 |
|a Abdul Rahman Mamat, Tan Sri Dato'
|
| 650 |
0 |
0 |
|a Mukhriz Tun Mahathir, Dato'
|
| 650 |
0 |
0 |
|a MATRADE --
|x Photo collection --
|x 2010
|
| 650 |
0 |
0 |
|a Mustapa Mohamed, Dato' Sri
|
| 650 |
0 |
0 |
|a Jacob Dungau Sagan, Datuk
|
| 999 |
|
|
|a PC00000634
|b Photographs
|c Photographs
|e Business Information Centre
|